[Event "Charleville Mezieres op 11th"]
[Site "Charleville Mezieres"]
[Date "2014.??.??"]
[Round "1"]
[White "Louis, Vincent"]
[Black "Pytel, Bozena"]
[Result "0-1"]
[WhiteElo "1479"]
[BlackElo "1929"]
[PlyCount "54"]
[EventDate "2014.12.26"]
[EventType "swiss"]
[EventRounds "7"]
[EventCountry "FRA"]
[SourceTitle "CBM 164 Extra"]
[Source "ChessBase"]
[SourceDate "2015.03.02"]
[SourceVersion "1"]
[SourceVersionDate "2015.03.02"]
[SourceQuality "1"]

1. e4 e5 2. Nf3 Nc6 3. Nc3 Nf6 4. d3 d6 5. Bg5 h6 6. Be3 Be7 7. h3 d5 8. Nxd5 Nxd5 9. exd5 Qxd5 10. Be2 0-0 11. 0-0 f5 12. c4 Qe6 13. a3 Qg6 14. Kh1 Bf6 15. Rb1 f4 16. Bd2 Bf5 17. Qb3 Rab8 18. Rbd1 Kh8 19. Kh2 Rfd8 20. Bc1 Nd4 21. Nxd4 Rxd4 22. g4 fxg3+ 23. fxg3 b6 24. Be3 Rd7 25. Rd2 Rbd8 26. Rfd1 Bg5 27. Bxg5 Qxg5 0-1

[Event "La Fere op"]
[Site "La Fere"]
[Date "2010.07.05"]
[Round "3"]
[White "Pytel, Bozena"]
[Black "Gaubert, Virginie"]
[Result "1-0"]
[WhiteElo "1958"]
[BlackElo "1642"]
[PlyCount "89"]
[EventDate "2010.07.03"]
[EventType "swiss"]
[EventRounds "9"]
[EventCountry "FRA"]
[SourceTitle "CBM 137 Extra"]
[Source "ChessBase"]
[SourceDate "2010.09.01"]
[SourceVersion "1"]
[SourceVersionDate "2010.09.01"]
[SourceQuality "1"]

1. Nf3 Nf6 2. d4 c5 3. c4 e6 4. Nc3 cxd4 5. Nxd4 Nc6 6. Nc2 Bc5 7. e4 Qb6 8. Qe2 0-0 9. f3 d5 10. e5 Nd7 11. f4 dxc4 12. Qxc4 Bb4 13. Be3 Qa5 14. Nxb4 Nxb4 15. Rc1 Nb6 16. Qc5 Nc6 17. Qxa5 Nxa5 18. Nb5 Nc6 19. g3 Nd5 20. Bc5 Rd8 21. Nd6 Nce7 22. b3 b6 23. Bf2 Rb8 24. Bb5 Bb7 25. Nxb7 Rxb7 26. Ke2 Rc7 27. Rxc7 Nxc7 28. Bd3 Ncd5 29. Rc1 Rc8 30. Rxc8+ Nxc8 31. Kd2 h6 32. Be4 Nce7 33. a4 a6 34. Bd3 a5 35. Be4 Kf8 36. Kd3 g5 37. fxg5 hxg5 38. Kc4 Ke8 39. Bd4 Kd7 40. h4 gxh4 41. gxh4 Ng6 42. h5 Nh8 43. Bxd5 exd5+ 44. Kxd5 Kc7 45. e6 1-0

[Event "Louviers op 12th"]
[Site "Louviers"]
[Date "2009.06.01"]
[Round "5"]
[White "Levesque, Thomas"]
[Black "Pytel, Bozena"]
[Result "0-1"]
[WhiteElo "1950"]
[BlackElo "1960"]
[PlyCount "94"]
[EventDate "2009.05.30"]
[EventType "swiss"]
[EventRounds "6"]
[EventCountry "FRA"]
[SourceTitle "EXT 2011"]
[Source "ChessBase"]
[SourceDate "2010.11.26"]
[SourceVersion "1"]
[SourceVersionDate "2010.11.26"]
[SourceQuality "1"]

1. d4 f5 2. c4 g6 3. Nf3 Nf6 4. Nc3 d6 5. Qc2 Bg7 6. Bg5 Nc6 7. 0-0-0 Bd7 8. e3 Qc8 9. h3 e5 10. a3 0-0 11. Bxf6 Bxf6 12. Be2 e4 13. Nh2 Ne7 14. Rhg1 c5 15. g4 Kh8 16. g5 Bg7 17. h4 cxd4 18. exd4 Be8 19. Nf1 Qd7 20. Ng3 Rc8 21. b3 d5 22. Kb1 Bf7 23. c5 f4 24. Bb5 Qd8 25. Nh1 a6 26. Be2 Nc6 27. Bg4 Rc7 28. Ne2 f3 29. Nc3 Nxd4 30. Rxd4 Bxd4 31. b4 Bg7 32. Rd1 b6 33. Nxe4 bxc5 34. Nxc5 Qe7 35. Kc1 Qe5 36. Bh3 Qa1+ 37. Kd2 Qxa3 38. Rb1 a5 39. Rb3 Qa1 40. Rb1 Qd4+ 41. Qd3 a4 42. Qxd4 Bxd4 43. Nd3 Bc3+ 44. Ke3 d4+ 45. Ke4 Re7+ 46. Ne5 d3 47. Kxd3 Bxe5 0-1

[Event "Louviers op 12th"]
[Site "Louviers"]
[Date "2009.06.01"]
[Round "6"]
[White "Pytel, Bozena"]
[Black "Vincent, Didier"]
[Result "1-0"]
[WhiteElo "1960"]
[BlackElo "2045"]
[PlyCount "59"]
[EventDate "2009.05.30"]
[EventType "swiss"]
[EventRounds "6"]
[EventCountry "FRA"]
[SourceTitle "EXT 2011"]
[Source "ChessBase"]
[SourceDate "2010.11.26"]
[SourceVersion "1"]
[SourceVersionDate "2010.11.26"]
[SourceQuality "1"]

1. Nf3 Nf6 2. d4 d5 3. c3 e6 4. Bg5 Be7 5. Nbd2 0-0 6. e3 Nbd7 7. Bd3 c5 8. 0-0 b6 9. Ne5 Bb7 10. Qf3 Nxe5 11. dxe5 Nd7 12. Bxe7 Qxe7 13. Qh3 f5 14. f4 a5 15. Nf3 Ba6 16. Bxa6 Rxa6 17. a4 Raa8 18. g4 Rad8 19. Kh1 Nb8 20. Rf2 Nc6 21. Rd1 Rd7 22. Rg2 Kh8 23. Rgd2 g6 24. Nh4 Qg7 25. gxf5 exf5 26. Rxd5 Rxd5 27. Rxd5 Rd8 28. c4 Kg8 29. Qg2 Qe7 30. Nxf5 1-0

[Event "FRA-chT2 North 0809"]
[Site "France"]
[Date "2009.03.15"]
[Round "9.6"]
[White "Miller, Vincent"]
[Black "Pytel, Bozena"]
[Result "1/2-1/2"]
[WhiteElo "2011"]
[BlackElo "1959"]
[PlyCount "72"]
[EventDate "2008.10.19"]
[EventType "team-tourn"]
[EventRounds "11"]
[EventCountry "FRA"]
[SourceTitle "EXT 2010"]
[Source "ChessBase"]
[SourceDate "2010.11.25"]
[SourceVersion "1"]
[SourceVersionDate "2010.11.25"]
[SourceQuality "1"]
[WhiteTeam "Henin Beaumont"]
[BlackTeam "Livry Gargan"]
[WhiteTeamCountry "FRA"]
[BlackTeamCountry "FRA"]

1. g3 f5 2. Bg2 Nf6 3. d3 g6 4. Nd2 d6 5. e4 Nc6 6. c3 Bg7 7. Qb3 Rb8 8. Nh3 Ne5 9. Qc2 fxe4 10. dxe4 0-0 11. Nf4 Qe8 12. 0-0 c6 13. Nb3 Qf7 14. Nd4 Ne8 15. Qb3 Nc7 16. Qxf7+ Rxf7 17. Nde2 Ne6 18. Nxe6 Bxe6 19. f4 Bc4 20. fxe5 Bxe2 21. Rxf7 Kxf7 22. exd6 exd6 23. Be3 a5 24. Kf2 Bg4 25. Bb6 Ra8 26. Bf3 Be6 27. Rd1 Ke7 28. a3 a4 29. Bd4 Be5 30. Rf1 Rf8 31. Ke3 c5 32. Bxe5 dxe5 33. Be2 Rxf1 34. Bxf1 c4 35. Be2 h6 36. Bd1 Bd7 1/2-1/2

[Event "Rochefort op 8th"]
[Site "Rochefort"]
[Date "2009.02.??"]
[Round "6"]
[White "Kizov, Atanas"]
[Black "Pytel, Bozena"]
[Result "1-0"]
[WhiteElo "2404"]
[BlackElo "1959"]
[PlyCount "83"]
[EventDate "2009.02.??"]
[EventType "swiss"]
[EventRounds "9"]
[EventCountry "FRA"]
[SourceTitle "EXT 2010"]
[Source "ChessBase"]
[SourceDate "2010.11.25"]
[SourceVersion "1"]
[SourceVersionDate "2010.11.25"]
[SourceQuality "1"]

1. d4 f5 2. g3 g6 3. Bg2 Nf6 4. Nf3 Bg7 5. 0-0 d6 6. Nbd2 0-0 7. Re1 Nc6 8. e4 Nxe4 9. Nxe4 fxe4 10. Rxe4 e5 11. Bg5 Bf6 12. Bh6 Re8 13. dxe5 Nxe5 14. Nxe5 Bxe5 15. c3 c6 16. f4 Bg7 17. Rxe8+ Qxe8 18. Bxg7 Kxg7 19. Qxd6 Qe3+ 20. Kh1 Bg4 21. h3 Bf3 22. Qd4+ Qxd4 23. cxd4 Bxg2+ 24. Kxg2 Rd8 25. Rd1 Rd5 26. Kf3 Kf6 27. Ke4 Rh5 28. Rh1 Ra5 29. a3 Rb5 30. b4 a5 31. Rb1 h6 32. g4 h5 33. Kd3 Rd5 34. Kc3 a4 35. Re1 hxg4 36. hxg4 Rd7 37. Rh1 Re7 38. Kd3 b6 39. b5 cxb5 40. Rb1 Rh7 41. Rxb5 Rh3+ 42. Kc4 1-0

[Event "La Fere op 7th"]
[Site "La Fere"]
[Date "2008.07.09"]
[Round "6"]
[White "Honore, Adrien"]
[Black "Pytel, Bozena"]
[Result "0-1"]
[WhiteElo "1290"]
[BlackElo "1966"]
[PlyCount "66"]
[EventDate "2008.07.05"]
[EventType "swiss"]
[EventRounds "9"]
[EventCountry "FRA"]
[SourceTitle "CBM 125 Extra"]
[Source "ChessBase"]
[SourceDate "2008.09.01"]
[SourceVersion "1"]
[SourceVersionDate "2008.09.01"]
[SourceQuality "1"]

1. e4 e6 2. d4 d5 3. e5 c5 4. c3 Nc6 5. Nf3 Nge7 6. Bg5 cxd4 7. cxd4 Qb6 8. b3 Nf5 9. Be3 Bb4+ 10. Nbd2 Bc3 11. Rc1 Bb2 12. Rc2 Bxd4 13. Nxd4 Ncxd4 14. Rc1 Nxe3 15. fxe3 Nf5 16. Rc3 Nxe3 17. Qc1 0-0 18. Nf3 Ng4 19. Rc2 Qe3+ 20. Qxe3 Nxe3 21. Rc3 Nxf1 22. Rxf1 b6 23. Rf2 Ba6 24. Rc7 Rfc8 25. Rfc2 Rxc7 26. Rxc7 Bd3 27. Nd4 a6 28. Kd2 Bf1 29. a4 Bxg2 30. Rb7 b5 31. axb5 axb5 32. Nxb5 f6 33. exf6 gxf6 0-1

[Event "Lubuska Wiosna op 4th"]
[Site "Gorzow Wielkopolski"]
[Date "2008.03.22"]
[Round "6"]
[White "Kulaszynski, Michal"]
[Black "Pytel, Bozena"]
[Result "1/2-1/2"]
[WhiteElo "1772"]
[BlackElo "2004"]
[PlyCount "95"]
[EventDate "2008.03.20"]
[EventType "swiss"]
[EventRounds "9"]
[EventCountry "POL"]
[SourceTitle "CBM 123 Extra"]
[Source "ChessBase"]
[SourceDate "2008.05.06"]
[SourceVersion "1"]
[SourceVersionDate "2008.05.06"]
[SourceQuality "1"]

1. e4 e6 2. d4 d5 3. Nc3 Nf6 4. e5 Nfd7 5. f4 c5 6. Nf3 Nc6 7. Be3 cxd4 8. Bxd4 Nxd4 9. Nxd4 a6 10. Nb3 Qc7 11. Qf3 Nb6 12. 0-0-0 Bd7 13. Bd3 0-0-0 14. Rhf1 h5 15. h4 g6 16. Ne2 Na4 17. Kb1 Nc5 18. Ned4 Be7 19. g3 Kb8 20. Nxc5 Bxc5 21. Nb3 Bb6 22. Rc1 Bc6 23. Qe2 Rc8 24. c3 Rhd8 25. Nd4 Be8 26. Rfd1 Qe7 27. Bc2 Rc7 28. Bb3 Rdc8 29. Qe3 Bb5 30. Bc2 Qe8 31. Bd3 Bxd3+ 32. Qxd3 Qa4 33. Qc2 Qxc2+ 34. Rxc2 Rc4 35. Rcd2 Kc7 36. Kc2 Kd7 37. Nf3 Ke7 38. Rd3 R8c7 39. R1d2 Ba5 40. Rd4 Rxd4 41. Rxd4 Bb6 42. Rd2 Be3 43. Re2 Bb6 44. Rd2 Be3 45. Re2 Bc5 46. Rd2 Be3 47. Re2 Bc5 48. Rd2 1/2-1/2

[Event "Lubuska Wiosna op 4th"]
[Site "Gorzow Wielkopolski"]
[Date "2008.03.21"]
[Round "3"]
[White "Pytel, Bozena"]
[Black "Wisniowska, Klaudia"]
[Result "0-1"]
[WhiteElo "2004"]
[BlackElo "1865"]
[PlyCount "85"]
[EventDate "2008.03.20"]
[EventType "swiss"]
[EventRounds "9"]
[EventCountry "POL"]
[SourceTitle "CBM 123 Extra"]
[Source "ChessBase"]
[SourceDate "2008.05.06"]
[SourceVersion "1"]
[SourceVersionDate "2008.05.06"]
[SourceQuality "1"]

1. Nf3 d5 2. d4 Nf6 3. c4 e6 4. Nc3 c5 5. Bg5 Nc6 6. cxd5 exd5 7. e3 Be7 8. dxc5 Be6 9. Bb5 0-0 10. 0-0 Bxc5 11. Rc1 Be7 12. Bd3 Rc8 13. Bb1 Re8 14. Nb5 Ne4 15. Bxe7 Qxe7 16. Nbd4 Bg4 17. h3 Bh5 18. Nf5 Qf6 19. g4 Bg6 20. N3d4 h5 21. f3 Nd6 22. Nxd6 Qxd6 23. Nf5 Bxf5 24. Bxf5 Qg3+ 25. Kh1 Qxh3+ 26. Kg1 Qg3+ 27. Kh1 Rcd8 28. Rc3 hxg4 29. Bxg4 Rd6 30. f4 Rh6+ 31. Bh5 Qh3+ 32. Kg1 Rxh5 33. Kf2 Qh2+ 34. Ke1 Rh3 35. Qd2 Qxd2+ 36. Kxd2 Rh2+ 37. Kc1 Re2 38. Rf3 d4 39. exd4 Nxd4 40. Rfd3 Re1+ 41. Rd1 Ne2+ 42. Kd2 Rxd1+ 43. Kxd1 0-1

[Event "Avoine op 22nd"]
[Site "Avoine"]
[Date "2007.07.21"]
[Round "1"]
[White "Pytel, Bozena"]
[Black "Lebret, Jean Michel"]
[Result "1/2-1/2"]
[WhiteElo "2008"]
[BlackElo "2214"]
[PlyCount "54"]
[EventDate "2007.07.21"]
[EventType "swiss"]
[EventRounds "9"]
[EventCountry "FRA"]
[SourceTitle "EXT 2010"]
[Source "ChessBase"]
[SourceDate "2010.11.25"]
[SourceVersion "1"]
[SourceVersionDate "2010.11.25"]
[SourceQuality "1"]

1. Nf3 d5 2. d4 e6 3. c4 c5 4. cxd5 exd5 5. Nc3 Nc6 6. e3 Nf6 7. Be2 Ne4 8. 0-0 Be7 9. dxc5 Nxc3 10. bxc3 Qa5 11. Bb2 Qxc5 12. Rc1 0-0 13. Qc2 Be6 14. Rcd1 Bf6 15. Qa4 Qa5 16. Qxa5 Nxa5 17. Nd4 Rac8 18. Ba3 Rfd8 19. Bb4 Nc4 20. Bxc4 Rxc4 21. Nb5 Ra8 22. Nd6 Rc7 23. Nb5 Rc6 24. a4 b6 25. Nd4 Rc4 26. a5 bxa5 27. Bxa5 Bxd4 1/2-1/2